| 000 | 00461nam a2200157Ia 4500 | ||
|---|---|---|---|
| 008 | 151213s9999 xx 000 0 und d | ||
| 020 | _a81-203-0986-3 | ||
| 100 | _aDouglas A.Pueknell.& Kamran Eshraghain | ||
| 245 |
_aBasic VLSI Design _cDouglas A.Pueknell.& Kamran Eshraghain |
||
| 260 |
_aNew Delhi _bPrentic Hall _c1994 |
||
| 300 | _a7612 p. | ||
| 650 | _aComputer | ||
| 650 | _aComputer | ||
| 700 | _aDouglas A.Pueknell.& Kamran Eshraghain | ||
| 999 |
_c4015 _d4015 |
||